Mối tương quan giữa cách bố trí ngữ liệu và việc rèn luyện các kỹ năng kỹ xảo lời nói trong bộ sách giáo khoa phổ thông

Saved in:
Bibliographic Details
Main Author: Sử Thị Kim.
Other Authors: Nguyễn Đức Chính, PTS. (hướng dẫn.)
Format: Book
Language:Vietnamese
Published: Đà Nẵng : Đại học Đà Nẵng, 1989.
Subjects:
Tags: Add Tag
No Tags, Be the first to tag this record!
Institutions: Mạng thư viện Đại học Đà Nẵng
LEADER 01123cmm a2200337 i 4500
001 000044829
003 3239
005 20070205095624.0
008 010312b1989 vm 000 vie
040 |a IRC  |c IRC  |d IRC 
041 0 |a vie 
082 1 4 |a 491.7  |b ĐÔ-K 
100 1 |a Sử Thị Kim. 
245 0 0 |a Mối tương quan giữa cách bố trí ngữ liệu và việc rèn luyện các kỹ năng kỹ xảo lời nói trong bộ sách giáo khoa phổ thông  |h [Thesis - Luận văn] /  |c Sử Thị Kim thực hiện ; Nguyễn Đức Chính hướng dẫn ; Nguyễn Quý Mão phản biện. 
260 |a Đà Nẵng :  |b Đại học Đà Nẵng,  |c 1989. 
300 |a 45tr. ;  |c 31.5cm. 
630 0 4 |a Ngữ liệu. 
630 0 4 |a Khóa luận. 
630 0 4 |a Nga ngữ. 
650 0 4 |a Nga ngữ  |x Kỹ năng nói. 
700 1 |a Nguyễn Đức Chính,  |c PTS.,  |e hướng dẫn. 
OWN |a DUT 
999 |a From the UDN01 
TYP |a Computer file 
TYP |a Monograph 
980 |a Mạng thư viện Đại học Đà Nẵng